|
|
|
|
| LEADER |
00000nam0a2200000 4500 |
| 001 |
365672 |
| 005 |
20231102011816.0 |
| 035 |
|
|
|a (RuTPU)RU\TPU\retro\23035
|
| 090 |
|
|
|a 365672
|
| 100 |
|
|
|a 20220117d1981 m y0rusy50 ca
|
| 101 |
0 |
|
|a rus
|
| 102 |
|
|
|a RU
|
| 105 |
|
|
|a a j 001zy
|
| 200 |
1 |
|
|a Генеральный план и транспорт промышленных предприятий
|e учебник для вузов
|f под ред. И. И. Костина, В. И. Тиверовского
|
| 210 |
|
|
|a Москва
|c Стройиздат
|d 1981
|
| 215 |
|
|
|a 192 с.
|c ил.
|
| 320 |
|
|
|a Библиогр.: с. 188-189
|
| 320 |
|
|
|a Предметный указатель: с. 190
|
| 606 |
1 |
|
|a Промышленные транспорт
|x Технико-экономические показатели
|2 stltpush
|3 (RuTPU)RU\TPU\subj\52765
|9 71167
|
| 610 |
1 |
|
|a учебники
|
| 610 |
1 |
|
|a генеральные планы
|
| 610 |
1 |
|
|a производительные силы
|
| 610 |
1 |
|
|a проектирование
|
| 610 |
1 |
|
|a рельсовый транспорт
|
| 610 |
1 |
|
|a автомобильный транспорт
|
| 610 |
1 |
|
|a обогатительные фабрики
|
| 610 |
1 |
|
|a торфяная промышленность
|
| 610 |
1 |
|
|a коксохимическое производство
|
| 610 |
1 |
|
|a прокатное производство
|
| 610 |
1 |
|
|a черная металлургия
|
| 610 |
1 |
|
|a машиностроительные заводы
|
| 675 |
|
|
|a 658.286(075.8)
|v 4
|
| 702 |
|
1 |
|a Костин
|b И. И.
|4 340
|
| 702 |
|
1 |
|a Тиверовский
|b В. И.
|4 340
|
| 801 |
|
1 |
|a RU
|b 63413507
|c 20220117
|
| 801 |
|
2 |
|a RU
|b 63413507
|c 20220117
|g RCR
|
| 942 |
|
|
|c BK
|